|
|
|
|
| LEADER |
01658nam a2200493 i 4500 |
| 001 |
nkc20152727099 |
| 003 |
CZ PrNK |
| 005 |
20180411132153.0 |
| 007 |
ta |
| 008 |
150826s2015 xr a g f 001 0 ger |
| 020 |
|
|
|a 978-80-7513-077-8
|q (brožováno)
|
| 040 |
|
|
|a BOA001
|b cze
|e rda
|
| 041 |
1 |
|
|a ger
|h cze
|
| 043 |
|
|
|a e-xr---
|
| 072 |
|
7 |
|a 72
|x Architektura
|2 Konspekt
|9 21
|
| 080 |
|
|
|a 728.81
|2 MRF
|
| 080 |
|
|
|a 728.82
|2 MRF
|
| 080 |
|
|
|a 913:338.483.1
|2 MRF
|
| 080 |
|
|
|a (437.3)
|2 MRF
|
| 080 |
|
|
|a (036)
|2 MRF
|
| 110 |
2 |
|
|a Titanic (nakladatelství)
|7 mzk2013749360
|4 aut
|
| 245 |
1 |
0 |
|a Burgen und Schlosser :
|b Czech Republic, Land of Stories /
|c Text: Verlag Titanic ; Übersetzung: Květa Nováková, Anna Tauc
|
| 246 |
3 |
0 |
|a Czech Republic, land of stories
|
| 250 |
|
|
|a 3. Ausgabe
|
| 264 |
|
1 |
|a Prag :
|b CzechTourism,
|c 2015
|
| 300 |
|
|
|a 96 stran :
|b barevné ilustrace ;
|c 15 cm
|
| 336 |
|
|
|a text
|b txt
|2 rdacontent
|
| 336 |
|
|
|a statický obraz
|b sti
|2 rdacontent
|
| 337 |
|
|
|a bez média
|b n
|2 rdamedia
|
| 338 |
|
|
|a svazek
|b nc
|2 rdacarrier
|
| 500 |
|
|
|a Název z obálky
|
| 500 |
|
|
|a Přeloženo z češtiny?
|
| 500 |
|
|
|a Obsahuje rejstřík
|
| 650 |
0 |
7 |
|a hrady
|7 ph120854
|z Česko
|2 czenas
|
| 650 |
0 |
7 |
|a zámky
|7 ph127734
|z Česko
|2 czenas
|
| 650 |
0 |
7 |
|a turistické zajímavosti
|7 ph126800
|z Česko
|2 czenas
|
| 655 |
|
7 |
|a průvodce
|7 fd133154
|2 czenas
|
| 700 |
1 |
|
|a Nováková, Květa
|4 trl
|
| 700 |
1 |
|
|a Tauc, Anna
|7 jo2013769476
|4 trl
|
| 910 |
2 |
|
|a BOA001
|b S-1372.530
|
| 990 |
|
|
|a BK
|
| 995 |
|
|
|a 61
|
| 991 |
|
|
|b 201608
|c NOV
|
| 996 |
6 |
|
|b 2610679337
|c S-1372.530
|l MZK
|r Sklad / do 24 hodin
|n 0
|p p.v.
|w 001574471
|u 000010
|a 1
|e BOA001
|j MZK50
|s P
|